Score 0/25 Timer 08:00
0 Plays Today
% Correct
Futurama
92.3%
Glee
90%
The Office (US)
87.9%
House, M.D.
87.6%
Malcolm in the Middle
82.8%
Frasier
82%
Parks and Recreation
79.5%
Scrubs
78.5%
The X-Files
77.1%
Bones
68%
Hannibal
67.6%
Ugly Betty
66%
CSI: Crime Scene Investigation
64.1%
% Correct
How I Met Your Mother
62.3%
30 Rock
59.8%
Mad Men
59.6%
Community
59.4%
Pretty Little Liars
57.2%
Gossip Girl
50.1%
Six Feet Under
41%
The Americans
38.4%
Vampire Diaries
34.4%
Person of Interest
33.2%
The Wire
33%
Sons of Anarchy
24.5%
Remove Ads.
Support Sporcle.
Get the best of Sporcle when you Go Orange. This ad-free experience offers more features, more stats, and more fun while also helping to support Sporcle. Thank you for becoming a member.

You're not logged in!

Compare scores with friends on all Sporcle quizzes.
OR
Log In

Show Comments

Extras

Top Quizzes Today


Score Distribution

Your Account Isn't Verified!

In order to create a playlist on Sporcle, you need to verify the email address you used during registration. Go to your Sporcle Settings to finish the process.

Report this User

Report this user for behavior that violates our Community Guidelines.

Details: